Comparación interlaboratorial de multímetros 2014 (Registro nro. 9691)

Detalles MARC
000 -Líder
fixed length control field 01758nam a22002417a 4500
005 - Fecha y hora de la última transacción
Campo de control 20170807104621.0
008 - Elementos de longitud fija--Información general
Campo de control de longitud fija 160506b xxu||||| |||| 00| 0 spa d
022 ## - Número Internacional de Publicaciones Seriadas
Número Internacional de Publicaciones Seriadas (ISSN) 03793982
082 ## - Clasificación Decimal Dewey
Número de clasificación Tecnología en Marcha Vol 29, Número 3 2016
100 ## - Entrada principal--Autor personal
Autor personal Meléndez Poltronieri, Róger
100 ## - Entrada principal--Autor personal
Autor personal Castro Blanco, Isabel
100 ## - Entrada principal--Autor personal
Autor personal Sánchez Vargas, Harold
245 ## - Título propiamente dicho
Título Comparación interlaboratorial de multímetros 2014
260 ## - PUBLICACIÓN, DISTRIBUCIÓN, ETC.
Lugar de publicación Costa Rica
Editorial Editorial Tecnológica de Costa Rica
Año de publicación 2016
300 ## - Descripción física
Extensión páginas 30-46
440 ## - Declaración de serie/asiento adicional--título
Título de la serie Tecnología en Marcha
650 ## - Materia general
Temática (materia general) COSTA RICA
650 ## - Materia general
Temática (materia general) MULTÍMETROS
650 ## - Materia general
Temática (materia general) CALIBRACIÓN
650 ## - Materia general
Temática (materia general) COMPARACIÓN DE MULTÍMETROS
942 ## - Punto de acceso adicional KOHA
Punto de acceso adicional KOHA Revista

No hay ítems disponibles.